00713nam a2200241 a 4500001001300000003000900013005001700022008004100039020001200080082001500092100001800107245004900125260003300174300000900207500003500216505002000251650003900271700001800310902000800328942000700336952011300343999001500456nice12345678IN_TiNIC20260116012148.0050524s1965 edia grp 000 0 eng  ac28.8500a225.6bTUR aTurner, Nigel aGrammatical Insights into the New Testament. aEdinburghbT & T Clarkc1965 a191p aincludes index and biblioraphy2 aIndex of Author aBible N.T. Criticism-Interpretaion1 aTurner, Nigel bSRS cBK 001040708StackRoom-aHMIbHMId2010-01-15g28.85l0o225.6 TURp05675r2010-01-15v28.85w2005-05-24yBK c5892d5892